|
|
|
|
| LEADER |
00000nam a2200000 a 4500 |
| 001 |
vtls011784822 |
| 003 |
SK-MaSNL |
| 005 |
20260301143906.0 |
| 008 |
251112s1506 sz f 001 0 lat |
| 015 |
|
|
|a SNBHFA
|
| 035 |
|
|
|a urn:nbn:sk:snk-am00gdh7
|
| 035 |
|
|
|a urn:nbn:sk:snk-am3iz8j
|
| 035 |
|
|
|a 856EC513-6FE8-4026-B129-716C7FBA1307
|
| 040 |
|
|
|a SNKHF
|b slo
|c SNK
|e AACR2
|
| 041 |
|
|
|a lat
|
| 044 |
|
|
|a sz
|c CH
|
| 072 |
|
7 |
|a 2-1
|x Prirodzená teológia. Náboženská filozofia
|2 konspekt
|
| 080 |
|
|
|a 2‑1
|2 2011
|
| 080 |
|
|
|a 2‑21
|2 2011
|
| 080 |
|
|
|a 27‑426
|2 2011
|
| 100 |
0 |
|
|a Augustín,
|c svätý,
|d 354-430
|4 aut
|9 166728
|
| 245 |
1 |
0 |
|a Divi Augustini librorum. Libri de ciuitate Dei. XXII. In eosdem commentaria Thome Valois et Nicolai Triueth, cum additionibus Jacobi Passauantij. Et theologice veritates Francisci Maronis
|n Pars septima
|
| 260 |
|
|
|a [Basel]
|b [Petri, Johann - Amerbach, Johann - Froben, Johann]
|c [1506]
|
| 300 |
|
|
|a [353] listov
|c 2°
|c 30 cm
|
| 500 |
|
|
|a Vinety, vlys, iniciálky na 7 a 8 riadkov
|
| 501 |
|
|
|a Príväzok 1.: AUGUSTÍN - svätý. Principaliū materiarū librorum. [Basel: [Petri, Adam], [1513].
|5 SNK IB 49551/7/prív.1
|
| 504 |
|
|
|a Text radený do dvoch stĺpcov, vnútorné a vonkajšie marginálie, kustody
|
| 510 |
4 |
|
|a VD16 A/4147
|
| 546 |
|
|
|a Latinčina
|b Fraktúra
|
| 550 |
|
|
|a Impresum doplnené z VD 16
|
| 561 |
|
|
|a Z knižnice františkánov v Hlohovci.
|5 SNK IB 49551/7
|
| 561 |
|
|
|a Proveniencia: Okrúhla pečiatka Sigillum ordinis fratrum minorum conventus Frašták.
|5 SNK IB 49551/7
|
| 562 |
|
|
|a Rukopisné poznámky v latinčine.
|5 SNK IB 49551/7
|
| 563 |
|
|
|a Väzba: tmavohnedá koža.
|5 SNK IB 49551/7
|
| 650 |
0 |
7 |
|a náboženstvo
|2 SNKPH
|9 2023
|
| 650 |
0 |
7 |
|a teológia
|2 SNKPH
|9 1814
|
| 650 |
0 |
7 |
|a kresťanstvo
|2 SNKPH
|9 2024
|
| 700 |
1 |
|
|a Leonberg, Konrad,
|d asi 1465-asi 1511
|4 oth
|9 128848
|
| 700 |
1 |
|
|a Amerbach, Johann,
|d 1444-1513
|4 prt
|9 214875
|
| 700 |
1 |
|
|a Petri, Johann,
|d 1441-1511
|4 prt
|9 172920
|
| 700 |
1 |
|
|a Froben, Johann,
|d 1460-1527
|4 prt
|9 52407
|
| 710 |
2 |
|
|a Františkáni (Hlohovec, Slovensko)
|4 fmo
|9 276373
|
| 710 |
0 |
|
|a Petri, Johann - Amerbach, Johann - Froben, Johann (Bazilej, Švajčiarsko),
|d 1502-1512
|4 prt
|9 172921
|
| 752 |
|
|
|a Švajčiarsko
|d Bazilej
|
| 852 |
|
|
|a snk
|b Františkáni Hlohovec
|p IB 49551/7
|
| 958 |
|
|
|a ONDV
|
| 958 |
|
|
|a DA
|
| 999 |
|
|
|c 775151
|d 777081
|
| 952 |
|
|
|t Fr Hl 552
|a SNK
|b SNK
|c SNK_HF
|y PREZ
|7 0
|p 17A1131298
|o snkIB 49551/7
|i snk2018/20800
|8 5
|z Kniha má jeden príväzok.
|0 0
|1 0
|4 0
|d 2018-10-12
|f 1
|l 0
|r 2026-02-24 00:47:19
|w 2026-02-24
|